| 000 | 00463nam a2200157Ia 4500 | ||
|---|---|---|---|
| 003 | OSt | ||
| 005 | 20200606105354.0 | ||
| 008 | 190216s9999||||xx |||||||||||||| ||und|| | ||
| 040 | _coclc | ||
| 082 |
_a327 _bGOP/I |
||
| 100 |
_aGopi, V K _92504 |
||
| 245 | 0 |
_aInternational Relations Since World War 2 / _cV K Gopi |
|
| 260 |
_bCalicut University Central Co-Operative, _c2004. |
||
| 300 | _a320p | ||
| 942 |
_cBK _2ddc _h327 _iGOP/I _k327 _mGOP/I |
||
| 999 |
_c21872 _d21872 |
||